ARRUPE JESUIT UNIVERSITY

CORONAVIRUS -STOP THE SPREAD - CLEAN,DISINFECT,COVER

Coming full circle : (Record no. 129958)

MARC details
000 -LEADER
fixed length control field 01600nam a2200373 a 4500
001 - CONTROL NUMBER
control field 1906328
003 - CONTROL NUMBER IDENTIFIER
control field ARRUPE
005 - DATE AND TIME OF LATEST TRANSACTION
control field 20191112093514.0
008 - FIXED-LENGTH DATA ELEMENTS--GENERAL INFORMATION
fixed length control field 840730s1984 onca b f100 0 eng
010 ## - LIBRARY OF CONGRESS CONTROL NUMBER
LC control number 84192409
020 ## - INTERNATIONAL STANDARD BOOK NUMBER
International Standard Book Number 0889363242 (pbk.)
040 ## - CATALOGING SOURCE
Original cataloging agency DLC
Transcribing agency DLC
Modifying agency DLC
041 0# - LANGUAGE CODE
Language code of text/sound track or separate title eng
Language code of summary or abstract/overprinted title or subtitle frespa
043 ## - GEOGRAPHIC AREA CODE
Geographic area code d------
050 00 - LIBRARY OF CONGRESS CALL NUMBER
Classification number S494.5.I5
Item number C65 1984
082 00 - DEWEY DECIMAL CLASSIFICATION NUMBER
Classification number 630
Edition number 19
300 ## - PHYSICAL DESCRIPTION
Other physical details ill. ;
Dimensions 25 cm.
245 00 - TITLE STATEMENT
Title Coming full circle :
Remainder of title farmers' participation in the development of technology /
Statement of responsibility, etc editors, Peter Matlon ... [et al.].
260 ## - PUBLICATION, DISTRIBUTION, ETC. (IMPRINT)
Place of publication, distribution, etc Ottawa, Canada :
Name of publisher, distributor, etc International Development Research Centre,
Date of publication, distribution, etc c1984.
300 ## - PHYSICAL DESCRIPTION
Extent 176 p. :
490 1# - SERIES STATEMENT
Series statement IDRC ;
Volume number/sequential designation 189e
500 ## - GENERAL NOTE
General note Abstract in English, French, and Spanish.
500 ## - GENERAL NOTE
General note Papers from a workshop held in Ouagadougou, Upper Volta, Sept. 20-25, 1983, and sponsored by the International Crops Research Institute for the Semi-arid Tropics and others.
504 ## - BIBLIOGRAPHY, ETC. NOTE
Bibliography, etc Bibliography: p. 165-171.
650 #0 - SUBJECT ADDED ENTRY--TOPICAL TERM
Topical term or geographic name as entry element Agricultural innovations
Geographic subdivision Developing countries
General subdivision Congresses.
9 (RLIN) 48474
650 #0 - SUBJECT ADDED ENTRY--TOPICAL TERM
Topical term or geographic name as entry element Farmers
Geographic subdivision Developing countries
General subdivision Congresses.
9 (RLIN) 48475
650 #0 - SUBJECT ADDED ENTRY--TOPICAL TERM
Topical term or geographic name as entry element Agriculture
General subdivision Research
Geographic subdivision Developing countries
General subdivision Congresses.
9 (RLIN) 48476
700 1# - ADDED ENTRY--PERSONAL NAME
Personal name Matlon, Peter J.
9 (RLIN) 48477
710 2# - ADDED ENTRY--CORPORATE NAME
Corporate name or jurisdiction name as entry element International Crops Research Institute for the Semi-arid Tropics.
9 (RLIN) 48478
710 2# - ADDED ENTRY--CORPORATE NAME
Corporate name or jurisdiction name as entry element International Development Research Centre (Canada)
9 (RLIN) 48479
740 0# - ADDED ENTRY--UNCONTROLLED RELATED/ANALYTICAL TITLE
Uncontrolled related/analytical title Farmers' participation in the development of technology.
830 #0 - SERIES ADDED ENTRY--UNIFORM TITLE
Uniform title IDRC (Series) ;
Volume number/sequential designation 189e.
9 (RLIN) 48480
906 ## - LOCAL DATA ELEMENT F, LDF (RLIN)
a 7
b cbc
c orignew
d 2
e ncip
f 19
g y-gencatlg
942 ## - ADDED ENTRY ELEMENTS (KOHA)
Source of classification or shelving scheme Library of Congress Classification
Koha item type Monograph ( Printed materials)
Holdings
Withdrawn status Lost status Source of classification or shelving scheme Damaged status Not for loan Collection code Home library Current library Shelving location Date acquired Total Checkouts Full call number Barcode Date last seen Price effective from Koha item type
    Library of Congress Classification     Main Collection ARRUPE LIBRARY ARRUPE LIBRARY Main Collection 12/11/2019   S494.5.I5 C65 1984 46600005955 12/11/2019 12/11/2019 Monograph ( Printed materials)

 

Arrupe Library. PO Box MP320 Mt Pleasant, Harare, Zimbabwe
263 242 745411|librarian@aju.ac.zw